000 00443 a2200169 4500
001 066378
003 OSt
005 20210927144455.0
008
082 _a005.8
_bW37N
100 1 _aWeaver, Randy
245 1 _aNetwork defense
_cby Randy Weaver
260 _aNew Delhi
_bCengage Learning
_c2009
300 _a330p.
690 _aComputer networks--Security measures; Computer security
942 _2ddc
_cBK
999 _c438
_d438